[Event "Xtracon Skakligaen"]
[Site "Denmark"]
[Date "2015.10.31"]
[Round "1.7"]
[White "Andersen, Ib Hother"]
[Black "Christensen, Jan Schleicher"]
[Result "0-1"]
[WhiteElo "2142"]
[BlackElo "2190"]
[PlyCount "92"]
[EventDate "2015.10.31"]
[EventType "team-tourn"]
[EventRounds "9"]
[EventCountry "DEN"]
[WhiteTeam "Hillerod"]
[BlackTeam "Nordre"]
[WhiteTeamCountry "DEN"]
[BlackTeamCountry "DEN"]

1. e4 e5 2. Nf3 Nc6 3. Bb5 f5 4. d3 fxe4 5. dxe4 Nf6 6. O-O Bc5 7. Qd3 d6 8.
Qc4 Qe7 9. Nc3 Bd7 10. Nd5 Nxd5 11. exd5 Nd4 12. Nxd4 Bxd4 13. a4 a6 14. Bxd7+
Qxd7 15. Be3 Bxe3 16. fxe3 O-O-O 17. Rf2 Rdf8 18. Raf1 Qe7 19. Qg4+ Kb8 20. Qe6
Qd8 21. Rf7 Rxf7 22. Qxf7 Qg5 23. Rf3 Qh4 24. Qxg7 Rc8 25. h3 Qxa4 26. Qxh7
Qa1+ 27. Kh2 Qxb2 28. Qd3 Rg8 29. Rf1 Qb4 30. e4 a5 31. g4 a4 32. c4 a3 33. Qc2
b6 34. Kg3 Kb7 35. c5 Qxc5 36. Qxc5 dxc5 37. Ra1 Ra8 38. g5 b5 39. h4 b4 40. g6
b3 41. Kg4 a2 42. Kf5 b2 43. Rxa2 Rxa2 44. g7 Ra8 45. h5 b1=Q 46. h6 Qh1 0-1

[Event "Xtracon Skakligaen"]
[Site "Denmark"]
[Date "2015.10.31"]
[Round "1.8"]
[White "Olsen, Filip Boe"]
[Black "Nilsson, Lars Kjoller"]
[Result "1-0"]
[WhiteElo "2245"]
[BlackElo "1978"]
[PlyCount "83"]
[EventDate "2015.10.31"]
[EventType "team-tourn"]
[EventRounds "9"]
[EventCountry "DEN"]
[WhiteTeam "Nordre"]
[BlackTeam "Hillerod"]
[WhiteTeamCountry "DEN"]
[BlackTeamCountry "DEN"]

1. d4 Nf6 2. Nf3 e6 3. c4 Bb4+ 4. Bd2 Bxd2+ 5. Qxd2 d6 6. Nc3 Nc6 7. e4 Nd7 8.
Be2 e5 9. O-O O-O 10. Rfd1 exd4 11. Nxd4 Nxd4 12. Qxd4 Nc5 13. b4 Ne6 14. Qd2
a5 15. a3 axb4 16. axb4 Rxa1 17. Rxa1 Qf6 18. Ra7 Qd4 19. Qxd4 Nxd4 20. f3 f5
21. Kf2 fxe4 22. Nxe4 Nc6 23. Ra4 Ne5 24. Ke3 Be6 25. Kd4 h6 26. b5 b6 27. Ra7
Rc8 28. f4 Ng6 29. g3 Kf8 30. Bf3 Ne7 31. Nc3 Ke8 32. g4 Kd7 33. f5 Bf7 34. h4
h5 35. Kd3 Rh8 36. g5 g6 37. f6 Nc8 38. Bc6+ Kd8 39. Ra8 Be6 40. Nd5 Bxd5 41.
cxd5 Rf8 42. Bb7 1-0

[Event "Xtracon Skakligaen"]
[Site "Denmark"]
[Date "2015.10.31"]
[Round "1.1"]
[White "Hillarp Persson, Tiger"]
[Black "Ochsner, Bjorn Moller"]
[Result "1-0"]
[WhiteElo "2546"]
[BlackElo "2405"]
[PlyCount "101"]
[EventDate "2015.10.31"]
[EventType "team-tourn"]
[EventRounds "9"]
[EventCountry "DEN"]
[WhiteTeam "Bronshoj"]
[BlackTeam "AarhusSkolerne"]
[WhiteTeamCountry "DEN"]
[BlackTeamCountry "DEN"]

1. d4 Nf6 2. c4 g6 3. Nc3 Bg7 4. e4 d6 5. Nf3 O-O 6. Be2 e5 7. d5 a5 8. h3 Na6
9. Bg5 h6 10. Be3 Nc5 11. Nd2 Bd7 12. g4 c6 13. h4 a4 14. g5 hxg5 15. hxg5 Nh7
16. Rg1 cxd5 17. cxd5 b5 18. Nxb5 Bxb5 19. Bxb5 Rb8 20. Be2 Rxb2 21. Nc4 Rb8
22. Qc2 Rc8 23. Rb1 Re8 24. Rb5 Bf8 25. Bxc5 Rxc5 26. Rxc5 dxc5 27. Qxa4 Nxg5
28. Rg4 Nh7 29. Qc6 Qa8 30. a4 Qxc6 31. dxc6 Rc8 32. Nxe5 Bg7 33. f4 Bxe5 34.
fxe5 Rxc6 35. Bc4 Nf8 36. a5 Rc7 37. a6 Kg7 38. Rf4 Ne6 39. Rf2 Ra7 40. Kd2 Nd8
41. Rf6 g5 42. Rb6 Kf8 43. Ke3 Ke7 44. Kf3 Rc7 45. Rf6 Nc6 46. Rxf7+ Kd8 47.
Rf8+ Ke7 48. Rf5 Kd8 49. Rxg5 Re7 50. Kf4 Kc7 51. Bd5 1-0

[Event "Xtracon Skakligaen"]
[Site "Denmark"]
[Date "2015.10.31"]
[Round "1.2"]
[White "Hagen, Andreas Skytte"]
[Black "Bromann, Thorbjorn"]
[Result "1/2-1/2"]
[WhiteElo "2396"]
[BlackElo "2453"]
[PlyCount "65"]
[EventDate "2015.10.31"]
[EventType "team-tourn"]
[EventRounds "9"]
[EventCountry "DEN"]
[WhiteTeam "AarhusSkolerne"]
[BlackTeam "Bronshoj"]
[WhiteTeamCountry "DEN"]
[BlackTeamCountry "DEN"]

1. d4 e6 2. c4 Bb4+ 3. Bd2 a5 4. g3 d6 5. Bg2 Nc6 6. e3 e5 7. Ne2 Nf6 8. O-O
Bxd2 9. Qxd2 O-O 10. Nbc3 Bf5 11. h3 Re8 12. d5 Ne7 13. g4 Bc8 14. Ng3 Rf8 15.
f4 Nd7 16. f5 f6 17. h4 b6 18. Kh2 Nc5 19. Rg1 Ba6 20. Bf1 Kh8 21. Qg2 Qd7 22.
e4 c6 23. Be2 cxd5 24. exd5 Na4 25. Nxa4 Qxa4 26. Ne4 Qc2 27. b3 Nxd5 28. Rgc1
Qb2 29. Rcb1 Qc2 30. Rc1 Qb2 31. Rcb1 Qc2 32. Rc1 Qb2 33. Rcb1 1/2-1/2

[Event "Xtracon Skakligaen"]
[Site "Denmark"]
[Date "2015.10.31"]
[Round "1.3"]
[White "Aabling Thomsen, Jakob"]
[Black "Skytte, Rasmus"]
[Result "1-0"]
[WhiteElo "2341"]
[BlackElo "2413"]
[PlyCount "175"]
[EventDate "2015.10.31"]
[EventType "team-tourn"]
[EventRounds "9"]
[EventCountry "DEN"]
[WhiteTeam "Bronshoj"]
[BlackTeam "AarhusSkolerne"]
[WhiteTeamCountry "DEN"]
[BlackTeamCountry "DEN"]

1. e4 c5 2. Nf3 e6 3. d3 Nc6 4. g3 Nge7 5. Bg2 g6 6. O-O Bg7 7. Qe2 d6 8. c3
O-O 9. Na3 Rb8 10. Rd1 e5 11. Nc2 f5 12. b4 cxb4 13. cxb4 b5 14. Bb2 Qb6 15. a3
Bd7 16. Ne3 Nd4 17. Nxd4 exd4 18. Nf1 f4 19. Nd2 Rbe8 20. Rac1 Nd5 21. Nb1 h5
22. Kh1 Bh6 23. Qc2 f3 24. Bf1 Bxc1 25. Qxc1 Nf6 26. Qh6 Re7 27. h3 Rh7 28. Qg5
h4 29. g4 Be8 30. Nd2 Rc7 31. Nxf3 Nh7 32. Qd5+ Bf7 33. Qxd4 Qxd4 34. Nxd4 a6
35. f4 Rd8 36. Rd2 Nf8 37. f5 Rdc8 38. Be2 Nd7 39. Bd1 Ne5 40. Kg2 g5 41. Nf3
Nxf3 42. Kxf3 Kh7 43. Ke3 Re8 44. d4 Bd5 45. e5 Rec8 46. Kd3 Kg7 47. Rf2 Kf7
48. Kd2 Rd8 49. Ke1 Rdc8 50. Re2 Rc6 51. Re3 R8c7 52. Kd2 Rc8 53. Bc3 Ke7 54.
Bc2 Rd8 55. Kc1 Rdc8 56. Kb2 Kf7 57. f6 dxe5 58. dxe5 Be6 59. Rd3 R8c7 60. Re3
Rd7 61. Kc1 Rdc7 62. Kb2 Rd7 63. Re2 Rdc7 64. Bd4 Rxc2+ 65. Rxc2 Rxc2+ 66. Kxc2
Bd5 67. Be3 Bg2 68. Bxg5 Bxh3 69. Bxh4 Bxg4 70. Kc3 Ke6 71. Kd4 Bh5 72. Bg3 Bf7
73. Bf4 Kd7 74. Kc5 Be6 75. Kb6 Bc4 76. Kxa6 Kc6 77. Ka5 Bb3 78. Be3 Bc4 79.
Bc5 Be6 80. a4 bxa4 81. Kxa4 Bc4 82. Ka5 Kb7 83. b5 Be6 84. Kb4 Kc7 85. Be7 Kd7
86. Kc5 Bb3 87. Bd6 Ke6 88. Kc6 1-0

[Event "Xtracon Skakligaen"]
[Site "Denmark"]
[Date "2015.10.31"]
[Round "1.4"]
[White "Sorensen, Jan"]
[Black "Hoi, Carsten"]
[Result "1/2-1/2"]
[WhiteElo "2435"]
[BlackElo "2377"]
[PlyCount "42"]
[EventDate "2015.10.31"]
[EventType "team-tourn"]
[EventRounds "9"]
[EventCountry "DEN"]
[WhiteTeam "AarhusSkolerne"]
[BlackTeam "Bronshoj"]
[WhiteTeamCountry "DEN"]
[BlackTeamCountry "DEN"]

1. e4 g6 2. d4 Bg7 3. Nc3 d6 4. Be3 Nf6 5. Qd2 Nc6 6. f3 O-O 7. O-O-O e5 8.
Nge2 a6 9. d5 Ne7 10. g4 Ne8 11. h4 f5 12. g5 f4 13. Bf2 h6 14. gxh6 Bxh6 15.
Ng1 Nf6 16. Bh3 Kh7 17. Bxc8 Rxc8 18. Nh3 Nh5 19. Kb1 Qd7 20. Ne2 b5 21. Nc1
Rfd8 1/2-1/2

[Event "Xtracon Skakligaen"]
[Site "Denmark"]
[Date "2015.10.31"]
[Round "1.5"]
[White "Carstensen, Jacob"]
[Black "Christensen, Tobias Bent"]
[Result "1/2-1/2"]
[WhiteElo "2352"]
[BlackElo "2349"]
[PlyCount "129"]
[EventDate "2015.10.31"]
[EventType "team-tourn"]
[EventRounds "9"]
[EventCountry "DEN"]
[WhiteTeam "Bronshoj"]
[BlackTeam "AarhusSkolerne"]
[WhiteTeamCountry "DEN"]
[BlackTeamCountry "DEN"]

1. d4 d5 2. c4 c6 3. Nc3 Nf6 4. e3 Bf5 5. cxd5 Nxd5 6. f3 e5 7. dxe5 Nd7 8.
Nxd5 cxd5 9. f4 Qb6 10. Nf3 Bb4+ 11. Kf2 O-O 12. Nd4 Be4 13. a3 Be7 14. b4 Rac8
15. Qg4 f5 16. Qd1 Bh4+ 17. Kg1 Qg6 18. Bd2 Nb6 19. Be1 Be7 20. h4 Nc4 21. h5
Qb6 22. Rh3 Kh8 23. Kh1 a6 24. Qe2 Qh6 25. Nf3 b5 26. Bh4 Bxh4 27. Rxh4 Rcd8
28. Rh3 Bxf3 29. Qxf3 Nd2 30. Qd1 Ne4 31. Kg1 d4 32. exd4 Qxf4 33. Rf3 Qh4 34.
a4 Ng5 35. Rd3 bxa4 36. Rxa4 f4 37. Ra2 f3 38. Rf2 Qg3 39. Rfxf3 Rxf3 40. Rxf3
Nxf3+ 41. Qxf3 Qxf3 42. gxf3 Rxd4 43. Bxa6 Rxb4 44. Bc8 Rb5 45. f4 Rb4 46. f5
Rb5 47. f6 gxf6 48. exf6 Rb6 49. Kg2 Rxf6 50. Kg3 Kg7 51. Kg4 Kh6 52. Bf5 Rf7
53. Be4 Rg7+ 54. Kh4 Rg1 55. Bf5 Kg7 56. Be4 Kg8 57. Kh3 Rg7 58. Kh4 Kf8 59. h6
Re7 60. Bf5 Rf7 61. Kg5 Ke7 62. Bxh7 Rxh7 63. Kg6 Rh8 64. Kg7 Rxh6 65. Kxh6
1/2-1/2

[Event "Xtracon Skakligaen"]
[Site "Denmark"]
[Date "2015.10.31"]
[Round "1.7"]
[White "Greger, Roland Reinhard"]
[Black "Ochsner, Thomas"]
[Result "0-1"]
[WhiteElo "2320"]
[BlackElo "2326"]
[PlyCount "48"]
[EventDate "2015.10.31"]
[EventType "team-tourn"]
[EventRounds "9"]
[EventCountry "DEN"]
[WhiteTeam "Bronshoj"]
[BlackTeam "AarhusSkolerne"]
[WhiteTeamCountry "DEN"]
[BlackTeamCountry "DEN"]

1. e4 e5 2. Nf3 Nc6 3. Bb5 a6 4. Bxc6 dxc6 5. O-O Bd6 6. d4 exd4 7. Qxd4 f6 8.
Be3 Ne7 9. Rd1 Ng6 10. Nc3 Bg4 11. Qc4 Qe7 12. Ne2 Bxf3 13. gxf3 Ne5 14. Qb3
Nxf3+ 15. Kg2 Nh4+ 16. Kh3 Qd7+ 17. Kxh4 g5+ 18. Bxg5 fxg5+ 19. Kh5 O-O-O 20.
Nd4 Qe8+ 21. Kg4 Qxe4+ 22. Kh3 g4+ 23. Kh4 Be7+ 24. Kh5 Qg6# 0-1

[Event "Xtracon Skakligaen"]
[Site "Denmark"]
[Date "2015.10.31"]
[Round "1.8"]
[White "Rendboe, John Filip"]
[Black "Laursen, Niels Norskov"]
[Result "1-0"]
[WhiteElo "2181"]
[BlackElo "2316"]
[PlyCount "99"]
[EventDate "2015.10.31"]
[EventType "team-tourn"]
[EventRounds "9"]
[EventCountry "DEN"]
[WhiteTeam "AarhusSkolerne"]
[BlackTeam "Bronshoj"]
[WhiteTeamCountry "DEN"]
[BlackTeamCountry "DEN"]

1. d4 Nf6 2. c4 g6 3. Nc3 Bg7 4. e4 d6 5. Nf3 O-O 6. Be2 e5 7. O-O exd4 8. Nxd4
Re8 9. f3 c6 10. Nb3 a5 11. Be3 a4 12. Nd4 a3 13. b3 d5 14. cxd5 cxd5 15. Ndb5
Nc6 16. Bc5 dxe4 17. Qxd8 Rxd8 18. fxe4 Nd7 19. Be3 h6 20. Rad1 Ra5 21. Nd5 Rf8
22. Nd6 Nde5 23. b4 Rxd5 24. exd5 Nxb4 25. Rd2 Bg4 26. Bb5 Rd8 27. Bc5 Na6 28.
Nxb7 Ra8 29. Bd6 Bd7 30. Be2 f5 31. Rc1 Nf7 32. Bxa3 Be5 33. Rdc2 Bf4 34. Rf1
Be5 35. Kh1 Nc7 36. d6 Nd5 37. Bc5 Bc6 38. Bf3 Ng5 39. d7 Bxb7 40. Bxd5+ Bxd5
41. Bb6 Nf7 42. Rc8+ Kg7 43. Rxa8 Bxa8 44. d8=Q Nxd8 45. Bxd8 Be4 46. a4 g5 47.
a5 Kg6 48. a6 h5 49. Bb6 h4 50. Re1 1-0

[Event "Xtracon Skakligaen"]
[Site "Denmark"]
[Date "2015.10.31"]
[Round "1.1"]
[White "Jahncke, Giso"]
[Black "Hansen, Mads Smith"]
[Result "1-0"]
[WhiteElo "2285"]
[BlackElo "2356"]
[PlyCount "135"]
[EventDate "2015.10.31"]
[EventType "team-tourn"]
[EventRounds "9"]
[EventCountry "DEN"]
[WhiteTeam "Bov"]
[BlackTeam "Obro"]
[WhiteTeamCountry "DEN"]
[BlackTeamCountry "DEN"]

1. d4 Nf6 2. c4 c5 3. d5 b5 4. Qc2 g6 5. e4 d6 6. Nf3 Bg7 7. cxb5 a6 8. Nc3 O-O
9. a4 Nbd7 10. Be2 axb5 11. Nxb5 Ba6 12. O-O Ne8 13. Bg5 h6 14. Bd2 Qb8 15. Bc3
Nc7 16. Bxg7 Kxg7 17. b4 Bxb5 18. axb5 cxb4 19. Nd4 Nc5 20. Nc6 Qb7 21. Qb2+
Kh7 22. Qxb4 Rxa1 23. Rxa1 Ra8 24. Rxa8 Nxa8 25. e5 Qc7 26. h4 Nb6 27. Qd4 h5
28. g4 hxg4 29. Bxg4 Nbd7 30. Qf4 Kg7 31. Bxd7 Nxd7 32. h5 Nxe5 33. h6+ Kh7 34.
Nxe5 dxe5 35. Qxf7+ Kxh6 36. Qf8+ Kh7 37. Qf7+ Kh6 38. Kg2 Qc5 39. Qf8+ Kg5 40.
b6 Qxd5+ 41. Qf3 e4 42. Qe3+ Kf5 43. f3 Ke6 44. fxe4 Qb5 45. Qh3+ Kd6 46. Qa3+
Ke6 47. Qa2+ Kd6 48. Qa3+ Ke6 49. Qe3 Kd7 50. Qh3+ Kd6 51. Qg3+ e5 52. Qxg6+
Kc5 53. Kg3 Kb4 54. Qd6+ Ka5 55. Kg4 Ka6 56. Kf5 Qe8 57. Qc7 Qh8 58. b7 Qh3+
59. Kf6 Qh6+ 60. Ke7 Qh7+ 61. Kd6 Qh6+ 62. Kd7 Qh3+ 63. Kc6 Qc3+ 64. Kd6 Qd2+
65. Ke7 Qg5+ 66. Kd7 Qg4+ 67. Kd6 Qd1+ 68. Ke7 1-0

[Event "Xtracon Skakligaen"]
[Site "Denmark"]
[Date "2015.10.31"]
[Round "1.2"]
[White "Rasmussen, Casper Dahl"]
[Black "Schwarz, Frank"]
[Result "1-0"]
[WhiteElo "2314"]
[BlackElo "2258"]
[PlyCount "75"]
[EventDate "2015.10.31"]
[EventType "team-tourn"]
[EventRounds "9"]
[EventCountry "DEN"]
[WhiteTeam "Obro"]
[BlackTeam "Bov"]
[WhiteTeamCountry "DEN"]
[BlackTeamCountry "DEN"]

1. d4 Nf6 2. g3 d5 3. Bg2 c6 4. Nf3 Bf5 5. O-O e6 6. c4 Nbd7 7. b3 Be7 8. Nc3
h6 9. Bb2 O-O 10. Ne5 Bh7 11. Nxd7 Qxd7 12. e3 Rfe8 13. Qe2 Bb4 14. a3 Bf8 15.
e4 Qc7 16. e5 Nd7 17. cxd5 cxd5 18. Rac1 Qb6 19. b4 Rec8 20. Bh3 Qd8 21. f4 Nb6
22. f5 Bxf5 23. Bxf5 exf5 24. Rxf5 Rc6 25. Rcf1 Qd7 26. Qf3 Rc7 27. Bc1 Rac8
28. Ne2 Qe6 29. g4 Rd7 30. Nf4 Qc6 31. Nh5 Rdc7 32. Rxf7 Rxf7 33. Qxf7+ Kh8 34.
Nf4 Kh7 35. Ne6 Nd7 36. Bxh6 Qc2 37. Bxg7 Qg6 38. Bxf8+ 1-0

[Event "Xtracon Skakligaen"]
[Site "Denmark"]
[Date "2015.10.31"]
[Round "1.3"]
[White "Reinecker, Kai"]
[Black "Jorgensen, Dennis"]
[Result "1/2-1/2"]
[WhiteElo "2246"]
[BlackElo "2237"]
[PlyCount "71"]
[EventDate "2015.10.31"]
[EventType "team-tourn"]
[EventRounds "9"]
[EventCountry "DEN"]
[WhiteTeam "Bov"]
[BlackTeam "Obro"]
[WhiteTeamCountry "DEN"]
[BlackTeamCountry "DEN"]

1. e4 c6 2. d4 d5 3. Nc3 dxe4 4. Nxe4 Bf5 5. Ng3 Bg6 6. h4 h6 7. Nf3 Nd7 8. Bd3
Bxd3 9. Qxd3 e6 10. Bf4 Qa5+ 11. Bd2 Bb4 12. c3 Be7 13. c4 Qc7 14. O-O-O Ngf6
15. Kb1 Rd8 16. Rhe1 O-O 17. Nf5 Bd6 18. Nxd6 Qxd6 19. Qb3 Qc7 20. Ne5 c5 21.
Qg3 Kh7 22. Bf4 Qc8 23. Nxd7 Rxd7 24. dxc5 Nh5 25. Qe3 Nxf4 26. Qxf4 Rxd1+ 27.
Rxd1 Qxc5 28. Rd7 Qh5 29. Qe4+ Kg8 30. a3 Rc8 31. f3 b5 32. g4 Qc5 33. Qf4 Rf8
34. cxb5 Qxb5 35. Rxa7 Qd3+ 36. Ka2 1/2-1/2

[Event "Xtracon Skakligaen"]
[Site "Denmark"]
[Date "2015.10.31"]
[Round "1.4"]
[White "Larsen, Karsten"]
[Black "Kevorkov, Artur"]
[Result "0-1"]
[WhiteElo "2252"]
[BlackElo "2228"]
[PlyCount "80"]
[EventDate "2015.10.31"]
[EventType "team-tourn"]
[EventRounds "9"]
[EventCountry "DEN"]
[WhiteTeam "Obro"]
[BlackTeam "Bov"]
[WhiteTeamCountry "DEN"]
[BlackTeamCountry "DEN"]

1. Nf3 d5 2. g3 c6 3. Bg2 Nf6 4. O-O g6 5. d4 Bg7 6. c4 O-O 7. Nc3 dxc4 8. Ne5
Ng4 9. f4 Nxe5 10. dxe5 Qxd1 11. Rxd1 Be6 12. Be3 Na6 13. Rac1 f6 14. exf6 Bxf6
15. Rd2 Rfd8 16. Rcd1 Rxd2 17. Rxd2 Nc7 18. Bf2 Bxc3 19. bxc3 Nb5 20. Rc2 Rd8
21. Bc5 Kf7 22. a4 Nd6 23. e4 b6 24. Bd4 c5 25. Be3 Ne8 26. Kf2 Rd1 27. a5 Rb1
28. h3 h5 29. Ke2 Nd6 30. axb6 axb6 31. Kd2 Bd7 32. e5 Nb5 33. Bd5+ Be6 34.
Bxe6+ Kxe6 35. Ra2 Nc7 36. Kc2 Rh1 37. g4 Rxh3 38. Bd2 hxg4 39. Ra7 Nd5 40. Ra4
g3 0-1

[Event "Xtracon Skakligaen"]
[Site "Denmark"]
[Date "2015.10.31"]
[Round "1.5"]
[White "Schutte, Andreas"]
[Black "Hansen, Soren Bech"]
[Result "0-1"]
[WhiteElo "2182"]
[BlackElo "2263"]
[PlyCount "48"]
[EventDate "2015.10.31"]
[EventType "team-tourn"]
[EventRounds "9"]
[EventCountry "DEN"]
[WhiteTeam "Bov"]
[BlackTeam "Obro"]
[WhiteTeamCountry "DEN"]
[BlackTeamCountry "DEN"]

1. f4 c5 2. Nf3 g6 3. g3 b6 4. Bg2 Bb7 5. O-O Bg7 6. d3 Nf6 7. e4 O-O 8. Nc3
Nc6 9. f5 d5 10. fxg6 hxg6 11. Ng5 dxe4 12. Ncxe4 Nxe4 13. Bxe4 Qd7 14. Qf3 Nd4
15. Qg2 Bxe4 16. Nxe4 Rad8 17. a4 Ne6 18. a5 b5 19. a6 f5 20. Nc3 Nd4 21. Bg5
b4 22. Nd1 Rc8 23. Re1 e5 24. b3 e4 0-1

[Event "Xtracon Skakligaen"]
[Site "Denmark"]
[Date "2015.10.31"]
[Round "1.6"]
[White "Skousen, Nikolai"]
[Black "Klawitter, Harald"]
[Result "1/2-1/2"]
[WhiteElo "2225"]
[BlackElo "2120"]
[PlyCount "97"]
[EventDate "2015.10.31"]
[EventType "team-tourn"]
[EventRounds "9"]
[EventCountry "DEN"]
[WhiteTeam "Obro"]
[BlackTeam "Bov"]
[WhiteTeamCountry "DEN"]
[BlackTeamCountry "DEN"]

1. Nf3 Nf6 2. g3 c5 3. Bg2 Nc6 4. O-O g6 5. c4 Bg7 6. Nc3 O-O 7. d4 cxd4 8.
Nxd4 Nxd4 9. Qxd4 d6 10. Qh4 Qb6 11. b3 Re8 12. Bg5 Be6 13. Rac1 Rac8 14. h3 a6
15. Rfd1 Qc7 16. g4 Rb8 17. Bh6 Bh8 18. Qg3 Qa5 19. Bd2 Qc7 20. c5 Qxc5 21. Nd5
Nxd5 22. Rxc5 dxc5 23. Ba5 b6 24. Bxd5 Bxd5 25. Rxd5 bxa5 26. Qc7 a4 27. Qxc5
axb3 28. axb3 Rxb3 29. Qc6 Rf8 30. Qxa6 e6 31. Rd7 Rxh3 32. f3 h5 33. gxh5 Rxh5
34. Kg2 Bg7 35. Qd3 Rg5+ 36. Kf2 Rh5 37. Rd8 Rh2+ 38. Kg3 Rh5 39. Rxf8+ Bxf8
40. Qd8 Rd5 41. Qa8 Rg5+ 42. Kf2 Rh5 43. Ke3 Re5+ 44. Kd3 Rd5+ 45. Kc2 Rc5+ 46.
Kd3 Rh5 47. Kc4 Rd5 48. Kc3 Kg7 49. Kc2 1/2-1/2

[Event "Xtracon Skakligaen"]
[Site "Denmark"]
[Date "2015.10.31"]
[Round "1.7"]
[White "Wolter, Jens"]
[Black "Schou Moldt, Thomas"]
[Result "1/2-1/2"]
[WhiteElo "2110"]
[BlackElo "2144"]
[PlyCount "94"]
[EventDate "2015.10.31"]
[EventType "team-tourn"]
[EventRounds "9"]
[EventCountry "DEN"]
[WhiteTeam "Bov"]
[BlackTeam "Obro"]
[WhiteTeamCountry "DEN"]
[BlackTeamCountry "DEN"]

1. e4 d6 2. d4 Nf6 3. Nc3 g6 4. Nf3 Bg7 5. Be2 O-O 6. O-O c5 7. dxc5 dxc5 8.
Qxd8 Rxd8 9. Be3 b6 10. Rad1 Nc6 11. Rxd8+ Nxd8 12. h3 Bb7 13. Nd2 Nc6 14. f4
Nd4 15. Bd3 Rc8 16. Bxd4 cxd4 17. Ne2 Rd8 18. g4 Nd7 19. Nb3 e5 20. f5 Bh6 21.
Ng3 Rc8 22. h4 Be3+ 23. Kg2 a5 24. Rd1 Kg7 25. Nd2 Bxd2 26. Rxd2 Nc5 27. Kf3
Na4 28. b3 Nc3 29. a4 Rc5 30. Ne2 h5 31. Nxc3 hxg4+ 32. Kxg4 gxf5+ 33. Kxf5
Bc8+ 34. Kg5 Rxc3 35. Rf2 Rc6 36. h5 f6+ 37. Kh4 Rd6 38. Rg2+ Kh7 39. Rg6 Bd7
40. Rg1 Be8 41. Bc4 Bc6 42. Bd3 Rd8 43. Rf1 Rf8 44. Rf2 Kh6 45. Rf1 Be8 46. Be2
Bc6 47. Bd3 Be8 1/2-1/2

[Event "Xtracon Skakligaen"]
[Site "Denmark"]
[Date "2015.10.31"]
[Round "1.8"]
[White "Simonsen, Carsten"]
[Black "Kramer, Svend Erik"]
[Result "1-0"]
[WhiteElo "2217"]
[BlackElo "2048"]
[PlyCount "93"]
[EventDate "2015.10.31"]
[EventType "team-tourn"]
[EventRounds "9"]
[EventCountry "DEN"]
[WhiteTeam "Obro"]
[BlackTeam "Bov"]
[WhiteTeamCountry "DEN"]
[BlackTeamCountry "DEN"]

1. d4 f5 2. Nf3 Nf6 3. g3 e6 4. Bg2 Be7 5. O-O O-O 6. c4 d6 7. Nc3 Ne4 8. Nxe4
fxe4 9. Ne1 d5 10. f3 dxc4 11. fxe4 e5 12. Rxf8+ Bxf8 13. e3 c5 14. d5 b5 15.
a4 b4 16. Qc2 Ba6 17. Nf3 Nd7 18. Bh3 Bd6 19. Nd2 Qe7 20. a5 Rf8 21. Nxc4 Qf6
22. b3 Bxc4 23. bxc4 Qf3 24. Bg2 Qh5 25. Bb2 Nf6 26. Rf1 Ng4 27. Rxf8+ Kxf8 28.
Bf3 Qg5 29. Bc1 Qg6 30. Qa4 Nf6 31. Qc6 Ne8 32. Qa8 Qf7 33. Bd1 Qc7 34. Ba4 Qb8
35. Qxb8 Bxb8 36. Bxe8 Kxe8 37. Kf2 Kd7 38. Kf3 Bc7 39. Bb2 Bd6 40. Kg4 g6 41.
Kg5 Ke7 42. Kh6 Kf6 43. h4 a6 44. g4 Bc7 45. g5+ Kf7 46. Kxh7 Bd6 47. h5 1-0

[Event "Xtracon Skakligaen"]
[Site "Denmark"]
[Date "2015.11.01"]
[Round "2.1"]
[White "Jones, Gawain C B"]
[Black "Svane, Rasmus"]
[Result "1/2-1/2"]
[WhiteElo "2623"]
[BlackElo "2543"]
[PlyCount "124"]
[EventDate "2015.10.31"]
[EventType "team-tourn"]
[EventRounds "9"]
[EventCountry "DEN"]
[WhiteTeam "Philidor"]
[BlackTeam "Skanderborg"]
[WhiteTeamCountry "DEN"]
[BlackTeamCountry "DEN"]

1. c4 c6 2. g3 d5 3. Bg2 g6 4. Nf3 Bg7 5. O-O e5 6. d3 Ne7 7. Qb3 d4 8. e3 dxe3
9. Bxe3 O-O 10. Nc3 Nf5 11. Ne4 Nxe3 12. fxe3 Qe7 13. c5 Na6 14. Qa3 Be6 15.
Nd6 f5 16. d4 e4 17. Ne5 Nc7 18. Rf2 Nb5 19. Nxb5 cxb5 20. Bf1 a6 21. Qc3 Rac8
22. b4 b6 23. Rc2 bxc5 24. bxc5 Bxe5 25. dxe5 Rc6 26. a4 Rfc8 27. axb5 Rxc5 28.
Qa3 axb5 29. Rac1 Bc4 30. Bxc4+ bxc4 31. Rxc4 Rxc4 32. Qxe7 Rxc1+ 33. Kg2 R1c7
34. Qd6 Rf7 35. e6 Rg7 36. Qd5 Re8 37. h3 Rge7 38. g4 fxg4 39. hxg4 Rxe6 40. g5
Kg7 41. Kh3 h6 42. Qd7+ R8e7 43. gxh6+ Kxh6 44. Qd8 Re8 45. Qd7 R6e7 46. Qd6
Re5 47. Kg4 Rg5+ 48. Kh4 Rh5+ 49. Kg4 Rg5+ 50. Kh4 Rf5 51. Kg4 Ree5 52. Qd8
Rg5+ 53. Kf4 Rgf5+ 54. Kg4 Kg7 55. Qc7+ Kf6 56. Qd8+ Kf7 57. Qc7+ Re7 58. Qd6
Rf6 59. Qh2 Kg7 60. Qb2 Kf7 61. Qh2 Kg8 62. Qb8+ Kg7 1/2-1/2

[Event "Xtracon Skakligaen"]
[Site "Denmark"]
[Date "2015.11.01"]
[Round "2.2"]
[White "Andersen, Mads"]
[Black "Grandelius, Nils"]
[Result "1/2-1/2"]
[WhiteElo "2457"]
[BlackElo "2647"]
[PlyCount "71"]
[EventDate "2015.10.31"]
[EventType "team-tourn"]
[EventRounds "9"]
[EventCountry "DEN"]
[WhiteTeam "Skanderborg"]
[BlackTeam "Philidor"]
[WhiteTeamCountry "DEN"]
[BlackTeamCountry "DEN"]

1. d4 d5 2. c4 e6 3. Nf3 Nf6 4. g3 g6 5. Bg2 Bg7 6. O-O O-O 7. Nc3 Nbd7 8. e3
b6 9. cxd5 exd5 10. b4 Bb7 11. Qb3 c6 12. Rd1 Re8 13. Bb2 a6 14. a4 a5 15. bxa5
Rxa5 16. Qc2 c5 17. Nb5 Bc6 18. Nd6 Rf8 19. Ne5 Ba8 20. Bc3 Ra6 21. Bf1 c4 22.
Bg2 Qe7 23. Nb5 Nxe5 24. dxe5 Ng4 25. Bxd5 Bxd5 26. Rxd5 Nxe5 27. Bxe5 Bxe5 28.
Rc1 c3 29. Qe4 Re8 30. Nxc3 Bxc3 31. Qxe7 Rxe7 32. Rxc3 Rxa4 33. Rc8+ Kg7 34.
Rb8 Re6 35. Rb5 Ra6 36. Kg2 1/2-1/2

[Event "Xtracon Skakligaen"]
[Site "Denmark"]
[Date "2015.11.01"]
[Round "2.3"]
[White "Glud, Jakob Vang"]
[Black "Semcesen, Daniel"]
[Result "1-0"]
[WhiteElo "2535"]
[BlackElo "2436"]
[PlyCount "113"]
[EventDate "2015.10.31"]
[EventType "team-tourn"]
[EventRounds "9"]
[EventCountry "DEN"]
[WhiteTeam "Philidor"]
[BlackTeam "Skanderborg"]
[WhiteTeamCountry "DEN"]
[BlackTeamCountry "DEN"]

1. c4 e5 2. g3 Nf6 3. Bg2 c6 4. d4 exd4 5. Qxd4 d5 6. Nf3 Be6 7. cxd5 cxd5 8.
O-O Nc6 9. Qa4 Bc5 10. Bg5 h6 11. Bxf6 Qxf6 12. Nc3 O-O 13. Ne1 Rfd8 14. Nd3
Bd4 15. Rac1 g5 16. e3 Bb6 17. Nb4 Ne7 18. Nc2 Rac8 19. Rfd1 Rc4 20. Qb5 Rdc8
21. Nd4 Bxd4 22. Rxd4 Rxd4 23. exd4 Qxd4 24. Qxb7 Qc5 25. Re1 Rc7 26. Qa6 Rc6
27. Qa4 Kg7 28. Rd1 a5 29. h4 Qb4 30. hxg5 hxg5 31. Qc2 Rd6 32. a3 Qb6 33. Na4
Qa7 34. Nc5 Bf5 35. Qc3+ f6 36. b4 axb4 37. axb4 Qb6 38. Qe3 Ng6 39. Qd4 Ne5
40. Re1 Kg6 41. Ra1 Nc6 42. Qe3 Qxb4 43. Qe8+ Kg7 44. Ra8 Rd8 45. Rxd8 Nxd8 46.
Qe7+ Kg6 47. Bxd5 Qb6 48. Kg2 g4 49. Qe8+ Kg7 50. Nd7 Qd6 51. Qg8+ Kh6 52. Qh8+
Kg5 53. Qg8+ Kh6 54. Nf8 Bd3 55. Qh8+ Kg5 56. Qh4+ Kf5 57. Qh5# 1-0

[Event "Xtracon Skakligaen"]
[Site "Denmark"]
[Date "2015.11.01"]
[Round "2.4"]
[White "Pedersen, Nicolai Vesterbaek"]
[Black "Rasmussen, Allan Stig"]
[Result "1-0"]
[WhiteElo "2403"]
[BlackElo "2498"]
[PlyCount "63"]
[EventDate "2015.10.31"]
[EventType "team-tourn"]
[EventRounds "9"]
[EventCountry "DEN"]
[WhiteTeam "Skanderborg"]
[BlackTeam "Philidor"]
[WhiteTeamCountry "DEN"]
[BlackTeamCountry "DEN"]

1. d4 Nf6 2. Nf3 d5 3. c4 dxc4 4. Qa4+ Nbd7 5. g3 a6 6. Qxc4 e6 7. Bg2 b5 8.
Qc2 Bb7 9. O-O c5 10. a4 Be7 11. Bg5 Be4 12. Qd1 h6 13. Be3 Nd5 14. Bc1 O-O 15.
Nbd2 Bh7 16. dxc5 Nxc5 17. axb5 axb5 18. Rxa8 Qxa8 19. Nb3 Rc8 20. Ne5 Na4 21.
Nd4 Bf6 22. Nd7 Bxd4 23. Qxd4 Qc6 24. Bxh6 f6 25. Nxf6+ Nxf6 26. Bxc6 Rxc6 27.
Qd8+ Kf7 28. Bg5 Nb6 29. Bxf6 gxf6 30. Rd1 Be4 31. f3 Bd5 32. e4 1-0